| 000 | 01158naa a22003257a 4500 | ||
|---|---|---|---|
| 001 | BR7603135 | ||
| 003 | BR-BrBNA | ||
| 005 | 20240918173850.0 | ||
| 007 | ta | ||
| 008 | 230509b bl.||||| |||| 00| 0 por d | ||
| 040 |
_aBR-BrBNA _bpor _cBiblioteca Nacional de Agricultura |
||
| 041 | _a(Pt) | ||
| 072 |
_aF25; F00 _b2120 _b3830 _b3530 _bG514 |
||
| 090 | _aF25 BR7603135 | ||
| 100 | 1 | _aMoraes, F.R.P. de | |
| 100 | 1 | _aCervellini, G.S. | |
| 111 | 1 |
_a15. Congresso Brasileiro de Ciencia do Solo _cCampinas, SP (Brazil) _d14 Jul 1975 |
|
| 245 | 1 | _aFontes de fosforo na formacao de mudas de cafe [Coffea arabica; Adubacao; Plantio; Brasil] | |
| 260 | 3 |
_aCampinas, SP (Brasil): _c1976. |
|
| 500 | _aAnais do 15. Congresso Brasileiro de Ciencia do Solo Campinas, SP (Brasil): 1976. p. 211-213 (BR7603135-AM)F25 | ||
| 650 | _aCAFE | ||
| 650 | _aFERTILIZANTE FOSFATADO | ||
| 650 | _aMUDA | ||
| 650 | _aADUBACAO | ||
| 650 | _aPLANTIO | ||
| 650 | _aRENDIMENTO | ||
| 773 | 0 |
_tAnais do 15. Congresso Brasileiro de Ciencia do Solo _wF25 BR7603135 _gCampinas, SP (Brasil), 1976. p. 211-213 |
|
| 909 |
_a202404 _bLucia _c55 _dLucia Elande |
||
| 942 |
_cAM _2AGRIS |
||
| 999 |
_c307364 _d307364 |
||